000 00506nam a2200193Ia 4500
003 OSt
005 20241107110640.0
008 210210b1952 xxu||||| |||| 00| 0 eng d
040 _cAL
041 _akan
082 _a859/428
100 _aKAUSALYA (G)
_9149113
_dಕೌಸಲ್ಯ (ಜಿ)
245 _aDoctor. Akhila
_bಡಾಕ್ಟರ್ ಅಖಿಲಾ
260 _aBengaluru
_b-
_c1952
650 _aDoctor
_9184428
690 _aKannada Fiction
_9149114
906 _a021298
942 _2ddc
_cBK
999 _c145362
_d145362